| 000 | 01698nam a2200241Ia 4500 | ||
|---|---|---|---|
| 003 | Ost | ||
| 005 | 20260507075523.0 | ||
| 008 | 260507s9999||||xx |||||||||||||| ||und|| | ||
| 020 | _a52199899579 | ||
| 040 | _cfsecg | ||
| 041 | _aara | ||
| 082 | _a600 | ||
| 100 |
_aحبابة، سعد _eمؤلف |
||
| 245 | 0 |
_aالتسويق السياسي / _c سعد حبابة |
|
| 260 |
_aعمان: _bدار الاعصار العلمي للنشر والتوزيع, _c2016 |
||
| 300 |
_a253 صفحة؛ _bإيضاحات ؛ _c25 سم |
||
| 504 | _aبيبليوغرافيا: ص.241-253 | ||
| 520 | _aالمفهوم الحديث للتسويق،مفهوم استراتيجية التسويق،التطورات الحديثة في استراتيجيات التسويق،الأخبار في الفضائيات العربية،تعريف المصطلحات،أخلاقيات الإعلام،خصوصية الأخبار التلفزيونية،التأثيرات الإعلامية قبل وأثناء أحتلال العراق،تفسير نتائج البحث،المعالجة الإعلامية لقضايا التعديلات الدستورية في القنوات المصرية الحكومية والخاصة وأثرها على طبيعة ومستوى المشاركة السياسية،دراسات حول التعديلات الدستورية وحقوق المواطنة،البعد السياسي لحركة تعليم الكبار:منظور عالمي،التربية السياسية في دول العالم النامي،التربية هيمنة اجتماعية | ||
| 653 | _aالإعلام - الإعلان | ||
| 653 | _aالتسويق | ||
| 653 | _aالسياسة | ||
| 942 | _cكتاب | ||
| 999 |
_c44785 _d44785 |
||